Animal Monuments: Guess the Country - Statistics

General Stats
  • This quiz has been taken 5 times
  • The average score is 6 of 16
Answer Stats
Picture Answer % Correct
Japan
100%
Switzerland
50%
United Kingdom
50%
United Kingdom
50%
United States
50%
Canada
25%
Canada
25%
Colombia
25%
Ecuador
25%
India
25%
Ireland
25%
Russia
25%
Russia
25%
Spain
25%
Turkey
25%
Vietnam
25%
No matching quizzes found
Score Distribution
Percent of People with Each Score
Percentile by Number Answered
Your Score History
You have not taken this quiz